[Event "Vancouver Open"]
[Site "Chess.com"]
[Date "2020.07.25"]
[Round "?"]
[White "Bablani, Arnav"]
[Black "Karukayil, Johan"]
[Result "1-0"]
[WhiteElo "909"]
[BlackElo "1314"]
[PlyCount "27"]
[EventDate "2020.??.??"]

1. e4 e5 2. Nf3 Nc6 3. Bb5 a6 4. Bxc6 dxc6 5. Nc3 Bd6 6. d4 exd4 7. Qxd4 Be7 8.
Qxg7 Bf6 9. Qg3 Bxc3+ 10. bxc3 Nf6 11. Bg5 Nxe4 12. Qe5+ Be6 13. Bxd8 Kxd8 14.
Qxh8+ 1-0

[Event "Vancouver Open"]
[Site "Chess.com"]
[Date "2020.07.25"]
[Round "?"]
[White "Bablani, Arnav"]
[Black "Gin, Noah"]
[Result "1-0"]
[WhiteElo "909"]
[BlackElo "1475"]
[PlyCount "69"]
[EventDate "2020.??.??"]

1. e4 e6 2. d4 d5 3. exd5 exd5 4. Nf3 Nf6 5. Bg5 Bd6 6. Nc3 c6 7. Bd3 Bg4 8. h3
Bh5 9. g4 Bg6 10. Bxg6 hxg6 11. Qe2+ Kf8 12. O-O-O b5 13. a3 Nbd7 14. h4 b4 15.
axb4 Qb6 16. Na2 a5 17. b5 cxb5 18. Bxf6 Nxf6 19. g5 Ne4 20. Ne5 Kg8 21. Rhg1
b4 22. Rd3 Qc7 23. f3 Bxe5 24. dxe5 Nc5 25. Rxd5 Rxh4 26. Qf2 Rc4 27. Rh1 Nb3+
28. Kb1 Rxc2 29. Qxc2 Qxc2+ 30. Kxc2 a4 31. Nxb4 Rc8+ 32. Kd3 Nc5+ 33. Ke3 Ne6
34. Ra5 Nc5 35. Rc1 1-0

[Event "Vancouver Open"]
[Site "Chess.com"]
[Date "2020.07.26"]
[Round "?"]
[White "Bablani, Arnav"]
[Black "Hamlett, James"]
[Result "0-1"]
[WhiteElo "909"]
[BlackElo "1561"]
[PlyCount "54"]
[EventDate "2020.??.??"]

1. e4 e6 2. d4 b6 3. Nf3 Bb7 4. Nc3 Nf6 5. Bg5 h6 6. Bh4 Be7 7. Bd3 c5 8. Bg3
cxd4 9. Nxd4 Bc5 10. Nf3 Bb4 11. Qe2 Bxc3+ 12. bxc3 O-O 13. Bh4 Qc7 14. Bxf6
gxf6 15. O-O Kg7 16. Nh4 Rg8 17. Qg4+ Kf8 18. Qh5 Qf4 19. Nf3 Nc6 20. Nd4 Ne7
21. Rfe1 Ng6 22. Qf3 Qg5 23. Qg3 Qc5 24. Qf3 Ke7 25. Nb5 Nh4 26. Qh3 Rxg2+ 27.
Kf1 Qxf2# 0-1

[Event "Vancouver Open"]
[Site "Chess.com"]
[Date "2020.07.26"]
[Round "?"]
[White "Bagchi, Sounak"]
[Black "Chang, Eddie"]
[Result "1/2-1/2"]
[WhiteElo "1995"]
[BlackElo "1887"]
[PlyCount "71"]
[EventDate "2020.??.??"]

1. e4 c5 2. Nf3 d6 3. d4 Nf6 4. dxc5 Nxe4 5. cxd6 Nxd6 6. Nc3 Nc6 7. Bf4 Bg4 8.
Be2 e6 9. h3 Bxf3 10. Bxf3 Nc4 11. Qxd8+ Rxd8 12. Bxc6+ bxc6 13. Nd1 Be7 14.
O-O Bf6 15. c3 g5 16. Be3 Nxe3 17. Nxe3 Ke7 18. Rad1 Rxd1 19. Rxd1 Rb8 20. Rd2
Be5 21. Nc4 Bc7 22. Kf1 Rb5 23. Ke2 Rd5 24. b4 h5 25. a4 Bf4 26. Rd3 Bc7 27. a5
Rb5 28. Na3 Re5+ 29. Re3 a6 30. Rxe5 Bxe5 31. Kd3 Bb8 32. g4 hxg4 33. hxg4 Ba7
34. f3 f5 35. Nc4 Kf6 36. Ke2 1/2-1/2

[Event "Vancouver Open"]
[Site "Chess.com"]
[Date "2020.07.25"]
[Round "?"]
[White "Bagchi, Sounak"]
[Black "Shahinyan, David"]
[Result "0-1"]
[WhiteElo "1995"]
[BlackElo "2506"]
[PlyCount "134"]
[EventDate "2020.??.??"]

1. e4 d6 2. d4 Nf6 3. Nc3 e5 4. Nf3 Nbd7 5. Bc4 Be7 6. O-O c6 7. a4 O-O 8. h3
h6 9. Re1 Re8 10. Be3 Qc7 11. Bb3 Nf8 12. Qd2 Be6 13. Bxe6 Nxe6 14. Rad1 a6 15.
Qe2 Rab8 16. Ra1 Nh5 17. g3 exd4 18. Nxd4 Nxd4 19. Bxd4 Bf6 20. Qd3 Bxd4 21.
Qxd4 Nf6 22. a5 Re5 23. Rad1 Ne8 24. Qb6 Qe7 25. Re3 Rd8 26. Qb4 Qc7 27. Qb6
Rxa5 28. Qxc7 Nxc7 29. Red3 Ne8 30. f4 Kf8 31. g4 g5 32. e5 gxf4 33. exd6 Re5
34. Kf2 Re6 35. d7 Nf6 36. Kf3 Ke7 37. Kxf4 Rxd7 38. Rxd7+ Nxd7 39. Ne4 b6 40.
Ng3 Kd8 41. g5 Kc7 42. h4 hxg5+ 43. Kxg5 Rg6+ 44. Kf4 Nf6 45. h5 Rg8 46. h6
Rg4+ 47. Kf5 Rxg3 48. Kxf6 Rg6+ 49. Kxf7 Rxh6 50. Ke7 b5 51. b4 Rh2 52. c3 Re2+
53. Kf6 Re3 54. Rc1 Kb6 55. Kf5 c5 56. Kf4 Rh3 57. Ke5 cxb4 58. cxb4 Rb3 59.
Kd6 Rxb4 60. Rc6+ Ka5 61. Rc1 Rc4 62. Ra1+ Kb6 63. Rh1 a5 64. Rh8 Rd4+ 65. Ke5
Rd1 66. Rb8+ Kc5 67. Rc8+ Kb4 0-1

[Event "Vancouver Open"]
[Site "Chess.com"]
[Date "2020.07.25"]
[Round "?"]
[White "Bagchi, Sounak"]
[Black "Devadithya, Lavindu"]
[Result "1-0"]
[WhiteElo "1995"]
[BlackElo "1535"]
[PlyCount "75"]
[EventDate "2020.??.??"]

1. e4 c5 2. Nf3 d6 3. d4 cxd4 4. Qxd4 a6 5. Be2 Nc6 6. Qe3 Nf6 7. c4 g6 8. Nc3
Bg7 9. h3 Nd7 10. O-O O-O 11. Rd1 Nde5 12. Rb1 Bd7 13. Nxe5 Bxe5 14. b3 Na7 15.
f4 Bg7 16. Bb2 b5 17. Nd5 Nc8 18. Bxg7 Kxg7 19. Qc3+ Kg8 20. c5 dxc5 21. Qxc5
e6 22. Nb4 Qb6 23. Qxb6 Nxb6 24. Rd6 a5 25. Nd3 Rfb8 26. Ne5 Be8 27. f5 exf5
28. exf5 Nc8 29. Rd4 Ne7 30. fxg6 fxg6 31. Bg4 Nc6 32. Nxc6 Bxc6 33. Rc1 Be8
34. Rc7 Rd8 35. Be6+ Kh8 36. Rf4 Rd1+ 37. Kh2 Bc6 38. Rff7 1-0

[Event "Vancouver Open"]
[Site "Chess.com"]
[Date "2020.07.25"]
[Round "?"]
[White "Beck, Alec"]
[Black "Bernadskiy, Vitaliy"]
[Result "1/2-1/2"]
[WhiteElo "1942"]
[BlackElo "2702"]
[PlyCount "20"]
[EventDate "2020.??.??"]

1. d4 Nf6 2. c4 e6 3. Nf3 d5 4. Nc3 Bb4 5. Qc2 O-O 6. cxd5 exd5 7. Bg5 c6 8. e3
h6 9. Bh4 Re8 10. Bd3 Nbd7 1/2-1/2

[Event "Vancouver Open"]
[Site "Chess.com"]
[Date "2020.07.25"]
[Round "?"]
[White "Beck, Alec"]
[Black "Wong-Godfrey, Emerson"]
[Result "1-0"]
[WhiteElo "1942"]
[BlackElo "1114"]
[PlyCount "85"]
[EventDate "2020.??.??"]

1. d4 Nf6 2. c4 c5 3. Nf3 d5 4. dxc5 e6 5. cxd5 exd5 6. Nc3 Nc6 7. Bg5 d4 8.
Ne4 Be7 9. Bxf6 gxf6 10. g3 Bf5 11. Nd6+ Bxd6 12. cxd6 Qxd6 13. Bg2 O-O-O 14.
O-O Qd7 15. Qa4 Bh3 16. Rac1 Kb8 17. Rfd1 h5 18. Bxh3 Qxh3 19. Nxd4 Ne5 20. Nf3
Ng4 21. Rxd8+ Rxd8 22. Qf4+ Ka8 23. Qc7 Rb8 24. b4 f5 25. b5 h4 26. gxh4 Ne5
27. Qxe5 Rg8+ 28. Ng5 Qxh4 29. Qg3 Qh6 30. f4 f6 31. Qc3 Qf8 32. h4 Qd8 33. Kf2
fxg5 34. hxg5 Qb6+ 35. e3 a6 36. bxa6 Qxa6 37. Qc4 Qg6 38. Rc3 Rd8 39. Qc7 Rd2+
40. Kg3 Qa6 41. Qc8+ Ka7 42. Qc5+ Ka8 43. Ra3 1-0

[Event "Vancouver Open"]
[Site "Chess.com"]
[Date "2020.07.26"]
[Round "?"]
[White "Bell, Harry"]
[Black "Tarjan, James"]
[Result "0-1"]
[WhiteElo "2000"]
[BlackElo "2469"]
[PlyCount "70"]
[EventDate "2020.??.??"]

1. Nf3 f5 2. d4 e6 3. c4 Nf6 4. g3 d5 5. Bg2 Bd6 6. c5 Be7 7. Bf4 b6 8. cxb6
axb6 9. O-O O-O 10. Nc3 c5 11. e3 Nc6 12. Ne5 Nxe5 13. dxe5 Ne4 14. Nxe4 dxe4
15. h4 Ba6 16. Qxd8 Rfxd8 17. Rfd1 Bd3 18. Bf1 c4 19. a3 Kf7 20. Kg2 Ra5 21.
Rac1 Rc5 22. Kg1 Kg6 23. Bg2 Kh5 24. f3 h6 25. Kf2 g5 26. g4+ fxg4 27. fxg4+
Kg6 28. h5+ Kg7 29. Bg3 Rb5 30. Rd2 Bc5 31. Re1 Rb3 32. Kg1 Rf8 33. Bf2 b5 34.
Bf1 Bb6 35. Bxd3 exd3 0-1

[Event "Vancouver Open"]
[Site "Chess.com"]
[Date "2020.07.25"]
[Round "?"]
[White "Bell, Harry"]
[Black "Lenderman, Aleksandr"]
[Result "0-1"]
[WhiteElo "2000"]
[BlackElo "2717"]
[PlyCount "58"]
[EventDate "2020.??.??"]

1. Nf3 e6 2. c4 d5 3. d4 Nf6 4. Nc3 a6 5. cxd5 exd5 6. Bf4 c5 7. dxc5 Bxc5 8.
e3 Nc6 9. Be2 O-O 10. O-O h6 11. Rc1 Ba7 12. Qd3 Be6 13. Rfd1 Qe7 14. Ne5 Rfc8
15. Bf3 Rd8 16. Ne2 Nb4 17. Qb1 g5 18. a3 gxf4 19. Nxf4 Nc6 20. Nxc6 bxc6 21.
Rxc6 Rd6 22. Ng6 Qd8 23. Rdc1 Rxc6 24. Rxc6 Qe8 25. Rxa6 fxg6 26. Rxe6 Qxe6 27.
Qxg6+ Kf8 28. Qxh6+ Ke7 29. h4 Rg8 0-1

[Event "Vancouver Open"]
[Site "Chess.com"]
[Date "2020.07.25"]
[Round "?"]
[White "Bernadskiy, Vitaliy"]
[Black "Chang, Eddie"]
[Result "1-0"]
[WhiteElo "2702"]
[BlackElo "1887"]
[PlyCount "47"]
[EventDate "2020.??.??"]

1. e4 c5 2. Nc3 Nc6 3. Bb5 Nd4 4. Nf3 e6 5. O-O a6 6. Bd3 Ne7 7. Nxd4 cxd4 8.
Ne2 Nc6 9. f4 Nb4 10. Kh1 Nxd3 11. cxd3 Bc5 12. b4 Bxb4 13. Nxd4 O-O 14. Bb2 b5
15. f5 f6 16. Rc1 Bb7 17. fxe6 dxe6 18. Qb3 Qe7 19. Nxe6 Rf7 20. Rc7 Qd6 21.
Rxf7 Kxf7 22. Ng5+ Kg6 23. Qf7+ Kxg5 24. Rf5+ 1-0

[Event "Vancouver Open"]
[Site "Chess.com"]
[Date "2020.07.26"]
[Round "?"]
[White "Bernadskiy, Vitaliy"]
[Black "Shahinyan, David"]
[Result "1/2-1/2"]
[WhiteElo "2702"]
[BlackElo "2506"]
[PlyCount "126"]
[EventDate "2020.??.??"]

1. d4 Nf6 2. c4 c5 3. d5 e6 4. Nc3 exd5 5. cxd5 d6 6. e4 g6 7. f4 Bg7 8. Bb5+
Nfd7 9. Be2 O-O 10. Nf3 Nb6 11. O-O Bg4 12. a4 Bxf3 13. Bxf3 Na6 14. a5 Nd7 15.
Be3 Re8 16. Qd2 c4 17. Qe2 Nac5 18. Nb5 Bf8 19. Qxc4 a6 20. Nc3 Rc8 21. Qb4 Bg7
22. Rfd1 Qh4 23. g3 Qe7 24. Rac1 Rb8 25. Bxc5 Nxc5 26. e5 b6 27. axb6 a5 28.
Qb5 Qb7 29. Ne2 Qxb6 30. Qxb6 Rxb6 31. exd6 Nd7 32. Rc7 Rd8 33. Nd4 Bxd4+ 34.
Rxd4 Rxb2 35. Re4 Rb6 36. Ra7 Rxd6 37. Rxa5 Nf6 38. Rd4 h5 39. h3 Rb6 40. Rd2
Kg7 41. Kf2 Ne8 42. Raa2 Nd6 43. Rdb2 Rdb8 44. Rxb6 Rxb6 45. g4 hxg4 46. hxg4
Kf6 47. g5+ Ke7 48. Ra7+ Rb7 49. Rxb7+ Nxb7 50. Ke3 Kd6 51. Kd4 Nc5 52. Bd1 Na6
53. f5 Nc7 54. fxg6 fxg6 55. Bf3 Nb5+ 56. Kc4 Na3+ 57. Kc3 Nb5+ 58. Kb4 Nd4 59.
Be4 Ke5 60. Bxg6 Kxd5 61. Bf7+ Ke5 62. g6 Kf6 63. g7 Kxg7 1/2-1/2

[Event "Vancouver Open"]
[Site "Chess.com"]
[Date "2020.07.26"]
[Round "?"]
[White "Brown, Northern"]
[Black "Yadav, Arjun"]
[Result "1-0"]
[WhiteElo "1480"]
[BlackElo "553"]
[PlyCount "117"]
[EventDate "2020.??.??"]

1. Nf3 d5 2. g3 Nf6 3. Bg2 e6 4. d3 Bd6 5. Nbd2 O-O 6. c4 c6 7. O-O Nbd7 8. d4
b6 9. a3 a5 10. Qc2 Bb7 11. e4 dxe4 12. Nxe4 Be7 13. Bf4 c5 14. Nd6 Bxd6 15.
Bxd6 Re8 16. Rfe1 cxd4 17. Nxd4 Nc5 18. Nb5 Bxg2 19. Kxg2 Rc8 20. Rad1 Nfd7 21.
Re2 Nb7 22. Red2 f6 23. Bc7 Rxc7 24. Nxc7 Qxc7 25. Rxd7 Qc8 26. R7d2 Qc6+ 27.
Kg1 Qc7 28. Qd3 Qe5 29. Qd4 Qc7 30. Qd7 Qb8 31. Qc6 Re7 32. Rd7 Rxd7 33. Rxd7
Nd8 34. Qc7 Qxc7 35. Rxc7 Kf8 36. Kg2 Ke8 37. Rxg7 Nf7 38. Rxh7 Ke7 39. b4 axb4
40. axb4 e5 41. c5 bxc5 42. bxc5 Ke6 43. Rxf7 Kxf7 44. c6 Ke7 45. h4 Kd6 46. h5
Kxc6 47. h6 Kd7 48. h7 Ke7 49. h8=Q Ke6 50. Qh3+ Kd5 51. Qf5 Kd4 52. Qxf6 Kd5
53. g4 Kd4 54. g5 Kd5 55. g6 Kd4 56. g7 Kd5 57. g8=Q+ Kd4 58. Qge6 Ke4 59. Qc4#
1-0

[Event "Vancouver Open"]
[Site "Chess.com"]
[Date "2020.07.25"]
[Round "?"]
[White "Brown, Northern"]
[Black "Kona, Vidip"]
[Result "0-1"]
[WhiteElo "1480"]
[BlackElo "1261"]
[PlyCount "38"]
[EventDate "2020.??.??"]

1. Nf3 c5 2. g3 d6 3. c4 Nf6 4. Bg2 e6 5. Nc3 Be7 6. O-O O-O 7. d3 Nc6 8. a3
Bd7 9. Bd2 a6 10. Rb1 d5 11. cxd5 exd5 12. Rc1 Rc8 13. Na4 Na7 14. Ne5 Be6 15.
Qb3 b5 16. Nc3 d4 17. Qc2 dxc3 18. bxc3 Qc7 19. Bf4 Bd6 0-1

[Event "Vancouver Open"]
[Site "Chess.com"]
[Date "2020.07.25"]
[Round "?"]
[White "Brown, Northern"]
[Black "Zhang, Michael"]
[Result "1-0"]
[WhiteElo "1480"]
[BlackElo "977"]
[PlyCount "95"]
[EventDate "2020.??.??"]

1. Nf3 d5 2. g3 e6 3. Bg2 Nf6 4. O-O Be7 5. d3 Nbd7 6. Nbd2 b6 7. c4 Bb7 8.
cxd5 Bxd5 9. Nc4 O-O 10. Bf4 c5 11. Rc1 Rc8 12. a3 Re8 13. e4 Bxc4 14. Rxc4 b5
15. Rc1 c4 16. dxc4 bxc4 17. e5 Nd5 18. Bd2 Rb8 19. Qc2 Qc8 20. Rfe1 Qc7 21.
Ng5 Bxg5 22. Bxg5 Nxe5 23. Bd2 Nd3 24. Be4 Nxe1 25. Rxe1 f5 26. Bg2 Qd7 27.
Qxc4 Rxb2 28. Bxd5 Rxd2 29. Bxe6+ Rxe6 30. Qxe6+ Qxe6 31. Rxe6 Rd1+ 32. Kg2 Ra1
33. Ra6 Ra2 34. Rxa7 h6 35. h4 g6 36. a4 Ra3 37. a5 Ra4 38. a6 Ra5 39. Ra8+ Kg7
40. a7 Kf7 41. Rh8 Kf6 42. a8=Q Rxa8 43. Rxa8 Ke5 44. Kf3 h5 45. Ra5+ Kf6 46.
Kf4 Ke6 47. Ra6+ Kf7 48. Kg5 1-0

[Event "Vancouver Open"]
[Site "Chess.com"]
[Date "2020.07.25"]
[Round "?"]
[White "Chang, Eddie"]
[Black "Yang, Maxwell"]
[Result "1-0"]
[WhiteElo "1887"]
[BlackElo "1682"]
[PlyCount "87"]
[EventDate "2020.??.??"]

1. d4 Nf6 2. c4 g6 3. Nc3 d5 4. cxd5 Nxd5 5. e4 Nxc3 6. bxc3 Bg7 7. Bc4 c5 8.
Ne2 Nc6 9. Be3 O-O 10. Rc1 b6 11. h4 Bb7 12. h5 Na5 13. Bd3 cxd4 14. cxd4 Rc8
15. Rxc8 Qxc8 16. Qd2 Nc4 17. Bxc4 Qxc4 18. f3 Rd8 19. Kf2 Qe6 20. Bh6 Bxh6 21.
Qxh6 Qf6 22. hxg6 Qxg6 23. Qf4 Ba6 24. Rh6 Qg7 25. Rh3 Kh8 26. Rg3 Qf6 27.
Qxf6+ exf6 28. d5 f5 29. Nd4 fxe4 30. fxe4 Bd3 31. Rxd3 Kg7 32. Nc6 Rd7 33. Ra3
a5 34. Rb3 Rb7 35. Nxa5 Ra7 36. Nc4 Rxa2+ 37. Rb2 Ra4 38. Nxb6 Rxe4 39. d6 Rd4
40. d7 Kf8 41. Re2 Kg7 42. Re8 Rd2+ 43. Ke3 Rd6 44. d8=Q 1-0

[Event "Vancouver Open"]
[Site "Chess.com"]
[Date "2020.07.25"]
[Round "?"]
[White "Chang, Eddie"]
[Black "Tarjan, James"]
[Result "1/2-1/2"]
[WhiteElo "1887"]
[BlackElo "2469"]
[PlyCount "107"]
[EventDate "2020.??.??"]

1. d4 d5 2. c4 e6 3. Nc3 Be7 4. cxd5 exd5 5. Bf4 c6 6. Qc2 g6 7. e3 Bf5 8. Bd3
Bxd3 9. Qxd3 Nf6 10. Nf3 Nbd7 11. O-O-O Bb4 12. Kb1 Bxc3 13. Qxc3 Ne4 14. Qc2
Qe7 15. Rc1 O-O 16. h4 f6 17. g4 Nb6 18. g5 fxg5 19. Nxg5 Nxg5 20. hxg5 Qe4 21.
Rh4 Rae8 22. Rch1 Rf7 23. b3 Nd7 24. R1h2 Nf8 25. Be5 Rxf2 26. Rxe4 Rxc2 27.
Kxc2 dxe4 28. Rh4 Ne6 29. Bf6 Nf8 30. Be5 Nd7 31. Rxe4 Nxe5 32. dxe5 Kg7 33.
Rd4 Rxe5 34. Rd7+ Kg8 35. Rd8+ Kf7 36. Rh8 Kg7 37. Rb8 Re7 38. Rd8 h6 39. gxh6+
Kxh6 40. Kd3 Kg7 41. e4 g5 42. Ke3 Kf6 43. Rg8 c5 44. a4 b6 45. a5 bxa5 46. Rc8
Rb7 47. Rc6+ Ke7 48. Rxc5 Rxb3+ 49. Kd4 Rb4+ 50. Ke3 a4 51. Rxg5 Rb1 52. Rg7+
Kd6 53. Rxa7 Ra1 54. Kd4 1/2-1/2

[Event "Vancouver Open"]
[Site "Chess.com"]
[Date "2020.07.26"]
[Round "?"]
[White "Chang, Eddie"]
[Black "Bell, Harry"]
[Result "1/2-1/2"]
[WhiteElo "1887"]
[BlackElo "2000"]
[PlyCount "60"]
[EventDate "2020.??.??"]

1. d4 d5 2. c4 dxc4 3. Nf3 Nf6 4. e3 e6 5. Bxc4 c5 6. O-O a6 7. Bd3 b5 8. Qe2
Bb7 9. Rd1 Qb6 10. dxc5 Bxc5 11. a4 b4 12. Nbd2 O-O 13. Nc4 Qa7 14. b3 Nc6 15.
Bb2 Rad8 16. Nfe5 Ne7 17. Ng4 Ned5 18. Nxf6+ Nxf6 19. Bxf6 gxf6 20. Qh5 f5 21.
Qg5+ Kh8 22. Qf6+ Kg8 23. Qg5+ Kh8 24. Qf6+ Kg8 25. Be2 Rxd1+ 26. Rxd1 Bd5 27.
Qg5+ Kh8 28. Qf6+ Kg8 29. Qg5+ Kh8 30. Qf6+ Kg8 1/2-1/2

[Event "Vancouver Open"]
[Site "Chess.com"]
[Date "2020.07.26"]
[Round "?"]
[White "Chen, Angela"]
[Black "Kona, Vidip"]
[Result "0-1"]
[WhiteElo "1421"]
[BlackElo "1261"]
[PlyCount "96"]
[EventDate "2020.??.??"]

1. e4 c5 2. Nf3 d6 3. d4 cxd4 4. Nxd4 Nf6 5. Nc3 a6 6. Bc4 e6 7. h3 Be7 8. Be3
O-O 9. O-O Nc6 10. Re1 Bd7 11. a3 Rc8 12. Bb3 Na5 13. Ba2 b5 14. Rb1 Nc4 15.
Nf3 Nxb2 16. Rxb2 Rxc3 17. Bd2 Rc8 18. Rb1 Bc6 19. Rc1 Bxe4 20. c4 Bb7 21. Qb3
Bxf3 22. Qxf3 Qb6 23. cxb5 Rxc1 24. Rxc1 axb5 25. Bb4 Re8 26. Re1 Bf8 27. Qd3
d5 28. Rb1 Bxb4 29. Rxb4 Rb8 30. a4 Qa5 31. Rxb5 Rxb5 32. Qxb5 Qxb5 33. axb5
Nd7 34. Bb1 Kf8 35. f4 Ke7 36. Bd3 g6 37. Kf2 Kd6 38. Ke3 Kc5 39. g4 Nb6 40. f5
Nc4+ 41. Kf4 Kxb5 42. fxg6 fxg6 43. Kg5 e5 44. Kh6 e4 45. Be2 d4 46. Kxh7 d3
47. Bd1 e3 48. Kxg6 e2 0-1

[Event "Vancouver Open"]
[Site "Chess.com"]
[Date "2020.07.25"]
[Round "?"]
[White "Chen, Angela"]
[Black "Bablani, Arnav"]
[Result "1-0"]
[WhiteElo "1421"]
[BlackElo "909"]
[PlyCount "73"]
[EventDate "2020.??.??"]

1. e4 e5 2. Nf3 Nc6 3. Bc4 Bc5 4. d3 Nf6 5. Bg5 d6 6. h3 h6 7. Bh4 g5 8. Bg3
Bd7 9. c3 Qe7 10. b4 Bb6 11. a4 a5 12. b5 Nd8 13. Nbd2 Ne6 14. O-O O-O-O 15.
Re1 h5 16. h4 g4 17. Nh2 Nf4 18. Ndf1 Be6 19. Ne3 Bxc4 20. Nxc4 Ne6 21. Nxb6+
cxb6 22. d4 exd4 23. cxd4 Kb8 24. Rc1 Rc8 25. Qd3 Rxc1 26. Rxc1 Rc8 27. Re1 Qd7
28. Nf1 Ka8 29. Ne3 d5 30. exd5 Nxd5 31. Nc4 Ka7 32. Ne5 Qe7 33. Qb3 Nc3 34. d5
Nd4 35. Nc6+ Ka8 36. Nxe7 Nxb3 37. Nxc8 1-0

[Event "Vancouver Open"]
[Site "Chess.com"]
[Date "2020.07.25"]
[Round "?"]
[White "Chen, Angela"]
[Black "Verma, Darsh"]
[Result "1-0"]
[WhiteElo "1421"]
[BlackElo "840"]
[PlyCount "104"]
[EventDate "2020.??.??"]

1. e4 e5 2. Nf3 Nc6 3. Bc4 Bc5 4. d3 Nf6 5. Bg5 Be7 6. c3 d5 7. exd5 Nxd5 8.
Bxe7 Ndxe7 9. h3 O-O 10. O-O a6 11. b4 b5 12. Bb3 a5 13. bxa5 Rxa5 14. Re1 Ng6
15. Bc2 f5 16. Nbd2 b4 17. cxb4 Nxb4 18. Bb3+ Kh8 19. Nc4 Rc5 20. Nfxe5 Nxe5
21. Nxe5 Qf6 22. d4 Rb5 23. Bc4 Rb8 24. Qa4 Qb6 25. Nf7+ Kg8 26. Qe8 Ba6 27.
Qe6 Bxc4 28. Qxc4 Rxf7 29. Re7 Qf6 30. Rxc7 Kf8 31. Rb1 Rxc7 32. Qxc7 Qb6 33.
Qe5 Qa7 34. Qd6+ Kg8 35. Rxb4 Rxb4 36. Qxb4 Qxa2 37. Qe7 Qf7 38. Qd8+ Qf8 39.
Qxf8+ Kxf8 40. Kh2 Ke7 41. Kg3 Kd6 42. Kf4 g6 43. g4 fxg4 44. hxg4 Kd5 45. Ke3
h5 46. g5 h4 47. Kf3 h3 48. Kg3 h2 49. Kxh2 Kxd4 50. Kh3 Ke5 51. Kg4 Ke4 52. f4
Kd5 1-0

[Event "Vancouver Open"]
[Site "Chess.com"]
[Date "2020.07.26"]
[Round "?"]
[White "Chen, Minda"]
[Black "Lee, Brian"]
[Result "0-1"]
[WhiteElo "1966"]
[BlackElo "1881"]
[PlyCount "60"]
[EventDate "2020.??.??"]

1. d4 Nf6 2. c4 g6 3. Nc3 Bg7 4. e4 d6 5. Be2 O-O 6. Be3 e5 7. d5 a5 8. g4 Na6
9. h4 Nc5 10. Bf3 c6 11. g5 Ne8 12. dxc6 b6 13. Nd5 Ba6 14. b3 b5 15. Rc1 bxc4
16. bxc4 Ne6 17. Bb6 N8c7 18. h5 Rc8 19. hxg6 fxg6 20. Nxc7 Rxc7 21. Bg4 Nxg5
22. Qd5+ Kh8 23. Bxc7 Qxc7 24. Nh3 Nxh3 25. Rxh3 Qb6 26. Rh2 Bh6 27. Qxd6 Qb2
28. Rd1 Bxc4 29. Qxf8+ Bxf8 30. c7 Bb4+ 0-1

[Event "Vancouver Open"]
[Site "Chess.com"]
[Date "2020.07.25"]
[Round "?"]
[White "Chen, Minda"]
[Black "Zhang, Michelle"]
[Result "1-0"]
[WhiteElo "1966"]
[BlackElo "1267"]
[PlyCount "45"]
[EventDate "2020.??.??"]

1. d4 d5 2. c4 e6 3. Nc3 Nf6 4. Nf3 c6 5. e3 Nbd7 6. Bd3 Be7 7. O-O O-O 8. a3
Qc7 9. b4 b6 10. Bb2 Bb7 11. cxd5 exd5 12. Rc1 Qd8 13. Ne2 Rc8 14. Qa4 Qc7 15.
Ng3 Ba8 16. Nf5 Bd8 17. Ne5 Nxe5 18. dxe5 Nd7 19. f4 h6 20. Qd1 f6 21. Qg4 Nb8
22. Qg6 Kh8 23. Nd6 1-0

[Event "Vancouver Open"]
[Site "Chess.com"]
[Date "2020.07.25"]
[Round "?"]
[White "Chen, Minda"]
[Black "Wu, William"]
[Result "0-1"]
[WhiteElo "1966"]
[BlackElo "1854"]
[PlyCount "50"]
[EventDate "2020.??.??"]

1. d4 d5 2. c4 e6 3. Nc3 Nf6 4. Nf3 Be7 5. Bf4 O-O 6. e3 b6 7. cxd5 Nxd5 8.
Nxd5 exd5 9. Bd3 c5 10. dxc5 bxc5 11. O-O h6 12. Rc1 Be6 13. Qa4 Nd7 14. Rfd1
Qb6 15. Rd2 Bf6 16. a3 c4 17. Bb1 Rfd8 18. Qc2 Nf8 19. Nd4 Rac8 20. Qd1 Qa5 21.
Rc3 Rd7 22. Qf3 Rb7 23. b4 cxb3 24. Rcd3 Rc1+ 25. Rd1 Qe1+ 0-1

[Event "Vancouver Open"]
[Site "Chess.com"]
[Date "2020.07.25"]
[Round "?"]
[White "Cui, Max"]
[Black "Shanmugam, Meera"]
[Result "0-1"]
[WhiteElo "515"]
[BlackElo "1224"]
[PlyCount "66"]
[EventDate "2020.??.??"]

1. e4 e5 2. Nf3 Nf6 3. Bc4 Nxe4 4. Nxe5 d5 5. Qf3 Nf6 6. Qe3 Be7 7. Bd3 O-O 8.
O-O Re8 9. Qf3 Bd6 10. Bxh7+ Kxh7 11. Nxf7 Qe7 12. Ng5+ Kg8 13. d4 Nc6 14. Be3
Bg4 15. Qg3 Bxg3 16. hxg3 Ne4 17. Nxe4 Qxe4 18. Nc3 Qxc2 19. Nxd5 Rac8 20. Nf4
Rcd8 21. d5 g5 22. dxc6 gxf4 23. Bxf4 Qxc6 24. Rfc1 Qf6 25. Rxc7 Qxb2 26. Rac1
Rd5 27. Bh6 Qe2 28. Rg7+ Kh8 29. f3 Rd1+ 30. Rxd1 Qxd1+ 31. Kh2 Re1 32. Rg8+
Kxg8 33. fxg4 Rh1# 0-1

[Event "Vancouver Open"]
[Site "Chess.com"]
[Date "2020.07.26"]
[Round "?"]
[White "Cui, Max"]
[Black "Gin, Noah"]
[Result "0-1"]
[WhiteElo "515"]
[BlackElo "1475"]
[PlyCount "120"]
[EventDate "2020.??.??"]

1. e4 e6 2. d4 d5 3. Nd2 c5 4. exd5 exd5 5. Ndf3 Bg4 6. Be3 c4 7. h3 Bh5 8. Be2
Bd6 9. b3 b5 10. Ng5 Bg6 11. Bf3 Nf6 12. a4 Qa5+ 13. Bd2 c3 14. Be3 h6 15. axb5
Qb6 16. Ra6 Nxa6 17. bxa6 hxg5 18. Qe2 Kf8 19. Qd1 Re8 20. Ne2 Bf4 21. Bxf4
gxf4 22. O-O Qc7 23. Qa1 Be4 24. Bxe4 Nxe4 25. f3 Ng3 26. Nxg3 fxg3 27. Qc1 Qd7
28. Qf4 Rxh3 29. b4 Rh6 30. Qxg3 Rxa6 31. f4 Qe7 32. Qxc3 Qe3+ 33. Qxe3 Rxe3
34. f5 Rc3 35. Kf2 Rxc2+ 36. Kg3 f6 37. Rg1 Rb6 38. Ra1 Rxb4 39. Rxa7 Rxd4 40.
Ra8+ Kf7 41. Ra7+ Kg8 42. Ra8+ Kh7 43. Ra1 Rc3+ 44. Kh2 Rh4+ 45. Kg1 Rf4 46.
Kh2 Rxf5 47. g4 Rg5 48. Rg1 f5 49. Rh1 Rxg4 50. Rg1 Rxg1 51. Kxg1 Rc2 52. Kf1
Kg6 53. Ke1 Kg5 54. Kf1 Kf4 55. Ke1 Ke3 56. Kd1 Rd2+ 57. Kc1 f4 58. Kb1 f3 59.
Kc1 f2 60. Kb1 f1=R# 0-1

[Event "Vancouver Open"]
[Site "Chess.com"]
[Date "2020.07.26"]
[Round "?"]
[White "Devadithya, Hiruna"]
[Black "Karukayil, Johan"]
[Result "1-0"]
[WhiteElo "1148"]
[BlackElo "1314"]
[PlyCount "43"]
[EventDate "2020.??.??"]

1. e4 e5 2. Nf3 Nc6 3. Bb5 a6 4. Ba4 Nf6 5. O-O d6 6. Re1 Be7 7. c3 O-O 8. h3
Bd7 9. d4 exd4 10. cxd4 Re8 11. Nc3 h6 12. a3 Nb8 13. Bxd7 Nbxd7 14. e5 dxe5
15. dxe5 Nh7 16. e6 fxe6 17. Rxe6 Ndf6 18. Qb3 Kh8 19. Ne5 Qc8 20. Ng6+ Kg8 21.
Rxf6+ Qe6 22. Qxe6# 1-0

[Event "Vancouver Open"]
[Site "Chess.com"]
[Date "2020.07.25"]
[Round "?"]
[White "Devadithya, Hiruna"]
[Black "Martin, Andrew"]
[Result "1-0"]
[WhiteElo "1148"]
[BlackElo "1542"]
[PlyCount "53"]
[EventDate "2020.??.??"]

1. e4 c5 2. Nf3 d6 3. d4 cxd4 4. Nxd4 Bd7 5. Nc3 Nc6 6. Be3 e6 7. Bc4 a6 8. a4
Be7 9. O-O Nf6 10. h3 h6 11. Qd2 Qc7 12. Bb3 O-O 13. f4 Rac8 14. f5 Nxd4 15.
Bxd4 e5 16. Be3 Bc6 17. Qd3 Rcd8 18. Rf3 Nxe4 19. Nxe4 d5 20. Rg3 dxe4 21. Qe2
Kh7 22. Qh5 Bf6 23. Rg6 fxg6 24. fxg6+ Kh8 25. Bxh6 Rf7 26. gxf7 Bd5 27. Bg5#
1-0

[Event "Vancouver Open"]
[Site "Chess.com"]
[Date "2020.07.25"]
[Round "?"]
[White "Devadithya, Hiruna"]
[Black "Li, David"]
[Result "0-1"]
[WhiteElo "1148"]
[BlackElo "1344"]
[PlyCount "110"]
[EventDate "2020.??.??"]

1. e4 c5 2. Nf3 Nc6 3. d4 cxd4 4. Nxd4 g6 5. Nc3 Bg7 6. Be3 Nf6 7. Bc4 O-O 8.
O-O d6 9. h3 Bd7 10. Qd2 Re8 11. f4 Nxd4 12. Bxd4 Rc8 13. Bb3 Bc6 14. Bd5 Bxd5
15. exd5 Qa5 16. Bxf6 Bxf6 17. Rf2 Bxc3 18. bxc3 Qxc3 19. Qxc3 Rxc3 20. Rb1 Rc7
21. g4 Rec8 22. Rb2 b6 23. f5 Rc5 24. fxg6 hxg6 25. Re2 Kf8 26. Rd2 g5 27. Kg2
f6 28. Kf2 Kf7 29. Ke2 Rc3 30. Rb3 Rxc2 31. Rb2 Rxd2+ 32. Rxd2 Rc3 33. Rd3 Rxd3
34. Kxd3 e6 35. dxe6+ Kxe6 36. Kc4 a6 37. a4 d5+ 38. Kd4 Kd6 39. Kd3 Ke5 40.
Ke3 b5 41. axb5 axb5 42. Kd3 d4 43. Ke2 Ke4 44. Kd2 d3 45. Kd1 Ke3 46. Ke1 d2+
47. Kd1 b4 48. h4 gxh4 49. g5 fxg5 50. Kc2 Ke2 51. Kb2 d1=Q 52. Ka2 b3+ 53. Kb2
Qc2+ 54. Ka3 b2 55. Kb4 b1=Q+ 0-1